The apartment : a novel /

The Helena is an art deco apartment building that has witnessed the changing face of South Miami Beach for seventy years, observing the lives housed within. Among those who have called apartment 2B home across the decades are a Cuban concert pianist who performs in a nursing home, the widow of an in...

Full description

Bibliographic Details
Main Author: Menéndez, Ana, 1970- (Author)
Format: Book
Language:English
Published: Berkeley, California : Counterpoint, [2023].
Subjects:

MARC

Tag First Indicator Second Indicator Subfields
LEADER 00000cam a2200000 i 4500
001 in00004733721
003 OCoLC
005 20250806182403.6
008 221209t20232023cau e 000 f eng
010 |a  2022058973 
040 |a DLC  |e rda  |c DLC 
020 |a 9781640095830  |q hardcover 
020 |a 1640095837  |q hardcover 
020 |z 9781640095847  |q electronic book 
035 |a (OCoLC)1346618509 
043 |a n-us-fl 
050 0 0 |a PS3563.E514  |b A66 2023 
082 0 0 |a 813/.54  |2 23/eng/20221209 
100 1 |a Menéndez, Ana,  |d 1970-  |e author. 
245 1 4 |a The apartment :  |b a novel /  |c Ana Menéndez. 
264 1 |a Berkeley, California :  |b Counterpoint,  |c [2023]. 
264 4 |c ©2023. 
300 |a 227 pages :  |b portrait ;  |c 22 cm. 
336 |a text  |b txt  |2 rdacontent 
337 |a unmediated  |b n  |2 rdamedia 
338 |a volume  |b nc  |2 rdacarrier 
520 |a The Helena is an art deco apartment building that has witnessed the changing face of South Miami Beach for seventy years, observing the lives housed within. Among those who have called apartment 2B home across the decades are a Cuban concert pianist who performs in a nursing home, the widow of an intelligence officer raising her young daughter alone, a man waiting on a green card marriage to run its course so that he can divorce his wife and marry his lover, all of whom live together, a Tajik building manager with a secret identity and a troubled young refugee named Lenin. Each tenant imbues 2B with energy that will either heal or overwhelm its latest resident, Lana, a mysterious woman struggling with her own past. 
650 0 |a Neighbors  |v Fiction. 
650 0 |a Apartment houses  |v Fiction. 
650 0 |a Interpersonal relations  |v Fiction. 
651 0 |a South Beach (Miami Beach, Fla.)  |v Fiction. 
945 |b 774117 
947 |a A14852467712 
948 |a dmitchel 8/6/25 1.20.10 
980 |b print  |c 40031845485  |f LIT/B  |g 565714  |k USD  |m 21.60  |q 1  |s AcqMono Conventional  |t Approval plan  |u Vendor order reference number  |v ZYBP  |y Print approval  |z Physical resource 
999 f f |i 1c2a8f4c-717a-4da4-a373-1356304fdafe  |s e9a30393-ed90-417d-ae42-577f3d501759  |t 0 
952 f f |p normal  |a Texas A&M University  |b College Station  |c Sterling C. Evans Library  |s Evans stk  |d Evans: Library Stacks  |t 0  |e PS3563.E514 A66 2023  |h Library of Congress classification  |i unmediated -- volume  |m A14852467712